| 000 | 005670000a22001930004500 | ||
|---|---|---|---|
| 090 |
_aAR _b03320 |
||
| 245 | 1 | 0 | _aCondor |
| 650 | 1 | 4 |
_aOrnitología _993189 |
| 650 | 1 | 4 |
_aAves _992429 |
| 650 | 1 | 4 |
_aMorfología animal _99953 |
| 650 | 1 | 4 |
_aEtología _97606 |
| 650 | 1 | 4 |
_aReproducción animal _987770 |
| 651 | 4 |
_pColombia _992749 |
|
| 653 |
_gSarcorhamphus _vcondor |
||
| 041 | 0 | _aEspañol | |
| 110 | 1 |
_aHermano Apolinar María _996966 |
|
| 942 | _cARTICULO | ||
| 773 | 1 |
_tBoletín de la Sociedad de Ciencias Naturales del Instituto de la Salle _31348 _h7 _q198-243 _d1914 _g2 |
|
| 999 |
_c12371 _d12371 |
||